MyGZULibrary

The SAGE handbook of philosophy of education / (Record no. 1829)

MARC details
000 -LEADER
fixed length control field 00830cam a2200253 a 4500
001 - CONTROL NUMBER
control field 15739951
003 - CONTROL NUMBER IDENTIFIER
control field GZU
005 - DATE AND TIME OF LATEST TRANSACTION
control field 20201022105637.0
008 - FIXED-LENGTH DATA ELEMENTS--GENERAL INFORMATION
fixed length control field 090515s2010 enk b 001 0 eng
010 ## - LIBRARY OF CONGRESS CONTROL NUMBER
LC control number 2009928797
040 ## - CATALOGING SOURCE
Original cataloging agency DLC
Transcribing agency DLC
Modifying agency DLC
050 00 - LIBRARY OF CONGRESS CALL NUMBER
Classification number LB17
Item number .S114 2010
082 00 - DEWEY DECIMAL CLASSIFICATION NUMBER
Classification number 370.1
Edition number 22
245 04 - TITLE STATEMENT
Title The SAGE handbook of philosophy of education /
Statement of responsibility, etc. edited by Richard Bailey...[et al.].
246 30 - VARYING FORM OF TITLE
Title proper/short title Philosophy of education
260 ## - PUBLICATION, DISTRIBUTION, ETC.
Place of publication, distribution, etc. London ;
-- Thousand Oaks, CA :
Name of publisher, distributor, etc. SAGE Publication,
Date of publication, distribution, etc. 2010
300 ## - PHYSICAL DESCRIPTION
Extent xx, 550 p. ;
Dimensions 26 cm.
504 ## - BIBLIOGRAPHY, ETC. NOTE
Bibliography, etc. note Includes bibliographical references and index.
650 #0 - SUBJECT ADDED ENTRY--TOPICAL TERM
Topical term or geographic name entry element Education
General subdivision Philosophy.
700 1# - ADDED ENTRY--PERSONAL NAME
Personal name Bailey, Richard,
Dates associated with a name 1966-
906 ## - LOCAL DATA ELEMENT F, LDF (RLIN)
a 7
b cbc
c orignew
d 2
e epcn
f 20
g y-gencatlg
942 ## - ADDED ENTRY ELEMENTS (KOHA)
Source of classification or shelving scheme Library of Congress Classification
Koha item type Books
Classification part 17
Item part SAG
Call number prefix LB
Holdings
Withdrawn status Lost status Source of classification or shelving scheme Damaged status Not for loan Collection code Home library Current library Shelving location Date acquired Total Checkouts Full call number Barcode Date last seen Copy number Price effective from Koha item type Date last checked out
    Library of Congress Classification     Non-fiction City Campus Library City Campus Library General Stacks 10/22/2020   LB 17 SAG 2010 024660 10/22/2020 C.1 10/22/2020 Books  
    Library of Congress Classification     Non-fiction City Campus Library City Campus Library General Stacks 10/22/2020 2 LB 17 SAG 2010 024661 10/31/2023 C.2 10/22/2020 Books 10/16/2023
    Library of Congress Classification     Non-fiction City Campus Library City Campus Library General Stacks 10/22/2020   LB 17 SAG 2010 024662 10/22/2020 C.3 10/22/2020 Books